Inštitucionálne aspekty štátnej podpory exportu. 4 Príloha HN

Formovanie organizačnej štruktúry štátnej podpory pri financovaní vývozných úverov.

Na minha lista:
Detalhes bibliográficos
Formato: Capítulo de Livro
Idioma:eslovaco
Assuntos:
Tags: Adicionar Tag
Sem tags, seja o primeiro a adicionar uma tag!

MARC

LEADER 00000naa a2200000 4500
001 r021916
005 20230801105249.2
041 0 |a slo 
044 |a SK 
245 1 0 |a Inštitucionálne aspekty štátnej podpory exportu. 4  |b Príloha HN 
520 |a Formovanie organizačnej štruktúry štátnej podpory pri financovaní vývozných úverov. 
610 2 0 |a svet 
610 2 0 |a podpora vývozu